Vũ Ngọc Phan. Toàn tập, tập 3

Salvato in:
Dettagli Bibliografici
Natura: Libro
Pubblicazione: 2010
Tags: Aggiungi Tag
Nessun Tag, puoi essere il primo ad aggiungerne! !
Thư viện lưu trữ: Mạng thư viện Đại học Đà Nẵng
LEADER 00474nam a22001811a 4500
001 000040988
003 17283
005 20160412023719.0
008 160412s2010 000
082 |a V(23)443-45 
245 |a Vũ Ngọc Phan. Toàn tập, tập 3  |c Hoàng Diệu Sưu tầm, tuyển chọn 
260 |c 2010 
OWN |a LNN 
999 |a From the UDN01 
TYP |a Monograph 
980 |a Mạng thư viện Đại học Đà Nẵng